| 000 | 00561cam a22002052 4500 | ||
|---|---|---|---|
| 001 | 0000002556 | ||
| 005 | 20151217155816.0 | ||
| 008 | 070413s xx 000 0 eng d | ||
| 020 |
_a9966855351 : _cKES 140 |
||
| 040 |
_aKABU _cKABU |
||
| 050 | 0 |
_aMT7 _b.O35 |
|
| 100 | 1 |
_aOdida, Awuor Charles. _@0000151955 |
|
| 245 | 1 | 0 | _aIntroduction to basic theory of music. |
| 260 |
_aNairobi : _bUzima, _c1995. |
||
| 300 | _a66 p. | ||
| 650 | 0 |
_aMusic theory. _@0000151953 |
|
| 908 | _a070413 | ||
| 950 | _@1 | ||
| 999 |
_c12717 _d12717 |
||